Tímová práca v projektovom riadení
Vymedzenie pojmu projektový tím. Základné rozdiely medzi projektovým a kmeňovým tímom. Vznik a zánik tímu v priebehu životného cyklu projektu. Projektová hierarchia. Manažér projektu.
Gespeichert in:
| 1. Verfasser: | |
|---|---|
| Format: | Buchkapitel |
| Sprache: | Slowakisch |
| Schlagworte: | |
| Tags: |
Keine Tags, Fügen Sie das erste Tag hinzu!
|
MARC
| LEADER | 00000naa$a2200000$$$4500 | ||
|---|---|---|---|
| 001 | 0059746 | ||
| 005 | 20230929122013.3 | ||
| 041 | 0 | |a slo | |
| 044 | |a SK | ||
| 245 | 1 | 0 | |a Tímová práca v projektovom riadení |c Petr Všetečka |
| 520 | |a Vymedzenie pojmu projektový tím. Základné rozdiely medzi projektovým a kmeňovým tímom. Vznik a zánik tímu v priebehu životného cyklu projektu. Projektová hierarchia. Manažér projektu. | ||
| 610 | 2 | 0 | |a projekty |
| 610 | 2 | 0 | |a riadenie projektové |
| 610 | 2 | 0 | |a manažéri |
| 610 | 2 | 0 | |a tímy pracovné |
| 100 | 1 | |a Všetečka, Petr | |